[Event "Manhem IM Swiss"]
[Site "Goteborg"]
[Date "1998.08.14"]
[Round "7"]
[White "Hedman, Erik"]
[Black "Hutters, Thomas"]
[Result "1-0"]
[WhiteElo "2315"]
[BlackElo "2410"]
[PlyCount "73"]
[EventDate "1998.08.10"]
[EventType "swiss"]

1. e4 g6 2. d4 Bg7 3. c4 d6 4. Nc3 Nf6 5. Be2 O-O 6. Bg5 Nc6 7. d5 Ne5 8. Qd2
c6 9. Nf3 Nxf3+ 10. Bxf3 Nd7 11. O-O a5 12. Bg4 Nc5 13. Bxc8 Rxc8 14. Bh6 Qb6
15. Bxg7 Kxg7 16. Rae1 Qb4 17. e5 Qxc4 18. exd6 exd6 19. dxc6 bxc6 20. Qxd6
Rfd8 21. Qe5+ Kg8 22. b3 Qd4 23. Qxd4 Rxd4 24. Re5 Nb7 25. Re7 Nc5 26. Ra7 a4
27. Ra5 Nxb3 28. axb3 axb3 29. Rc5 Rd2 30. g4 Rcd8 31. Kg2 R8d4 32. h3 Rc2 33.
Rb1 Rf4 34. Kg3 Rcxf2 35. Nd1 R4f3+ 36. Kh4 Rf1 37. Rxb3 1-0

[Event "Manhem IM Swiss"]
[Site "Goteborg"]
[Date "1998.08.14"]
[Round "7"]
[White "Hjelm, Niclas"]
[Black "Welin, Mats"]
[Result "1/2-1/2"]
[WhiteElo "2315"]
[BlackElo "2235"]
[PlyCount "73"]
[EventDate "1998.08.10"]
[EventType "swiss"]

1. d4 Nf6 2. Nf3 b6 3. e3 Bb7 4. Bd3 d6 5. c4 e5 6. Be2 Nbd7 7. Nc3 exd4 8.
exd4 g6 9. O-O Bg7 10. d5 O-O 11. Nd4 a6 12. Be3 Re8 13. Qc2 Ne5 14. Rad1 Nfg4
15. Bf4 Bc8 16. Qd2 f5 17. h3 Nf6 18. Be3 Qe7 19. Rfe1 Nf7 20. Nc6 Qf8 21. f4
h6 22. Bf3 Bd7 23. Nd4 Rab8 24. Bf2 Rxe1+ 25. Rxe1 Re8 26. Re2 Rxe2 27. Qxe2
Qe8 28. Ne6 c5 29. Nxg7 Qxe2 30. Bxe2 Kxg7 31. Bd3 g5 32. g3 Nh5 33. Ne2 b5 34.
Be1 Nf6 35. Bc3 Kg6 36. b3 b4 37. Bxf6 1/2-1/2

[Event "Manhem IM Swiss"]
[Site "Goteborg"]
[Date "1998.08.14"]
[Round "7"]
[White "Hultin, Johan"]
[Black "Moberg, Karl Johan"]
[Result "1/2-1/2"]
[WhiteElo "2300"]
[BlackElo "2320"]
[PlyCount "33"]
[EventDate "1998.08.10"]
[EventType "swiss"]

1. Nf3 Nf6 2. c4 g6 3. Nc3 d5 4. cxd5 Nxd5 5. Qa4+ Bd7 6. Qh4 Nxc3 7. bxc3 c5
8. g3 Nc6 9. Bg2 Bg7 10. O-O e6 11. Qf4 O-O 12. Rb1 b6 13. d4 cxd4 14. cxd4 Rc8
15. Ba3 Re8 16. e3 Qf6 17. Rfc1 1/2-1/2

[Event "Manhem IM Swiss"]
[Site "Goteborg"]
[Date "1998.08.14"]
[Round "7"]
[White "Olausson, Claes-Goran"]
[Black "Bekker-Jensen, David"]
[Result "1/2-1/2"]
[WhiteElo "2255"]
[BlackElo "2255"]
[PlyCount "28"]
[EventDate "1998.08.10"]
[EventType "swiss"]

1. d4 Nf6 2. c4 g6 3. Nc3 Bg7 4. e4 d6 5. Be2 O-O 6. Nf3 Na6 7. Rb1 e5 8. dxe5
dxe5 9. Qxd8 Rxd8 10. b4 c6 11. O-O Bg4 12. Be3 Bxf3 13. Bxf3 Nc7 14. Rfd1 b6
1/2-1/2

[Event "Manhem IM Swiss"]
[Site "Goteborg"]
[Date "1998.08.14"]
[Round "7"]
[White "Rundqvist, Patrick"]
[Black "Patsuk, Leonid"]
[Result "1-0"]
[WhiteElo "2175"]
[BlackElo "2190"]
[PlyCount "83"]
[EventDate "1998.08.10"]
[EventType "swiss"]

1. e4 e5 2. Nf3 Nf6 3. Bc4 Nxe4 4. Nc3 Nxc3 5. dxc3 Be7 6. Nxe5 O-O 7. Qh5 d5
8. Bd3 f5 9. Be3 Nc6 10. Nxc6 bxc6 11. O-O-O g6 12. Qf3 f4 13. Bd4 Bd6 14. Rhe1
Qg5 15. h3 Bf5 16. c4 Bxd3 17. Qxd3 f3+ 18. Be3 Qf5 19. Qxf5 Rxf5 20. g4 Re5
21. cxd5 cxd5 22. Bd4 Rxe1 23. Rxe1 Kf7 24. Kd2 a6 25. Be5 Bxe5 26. Rxe5 c6 27.
Re3 Rb8 28. Rxf3+ Ke6 29. b3 Rb4 30. Rf8 h5 31. c3 Ke7 32. Rf3 Rb8 33. gxh5
gxh5 34. Rf5 Rh8 35. Ke3 Rh6 36. Kf4 Kd6 37. Kg5 Rh8 38. Rf6+ Kc5 39. f4 a5 40.
f5 a4 41. b4+ Kb5 42. Re6 1-0

[Event "Manhem IM Swiss"]
[Site "Goteborg"]
[Date "1998.08.15"]
[Round "8"]
[White "Westerinen, Heikki"]
[Black "Elsness, Frode"]
[Result "1-0"]
[WhiteElo "2435"]
[BlackElo "2350"]
[PlyCount "78"]
[EventDate "1998.08.10"]
[EventType "swiss"]

1. e4 c5 2. Nf3 d6 3. c3 Nf6 4. h3 Nc6 5. Bd3 g6 6. O-O Bg7 7. Bc2 e5 8. d4
exd4 9. cxd4 O-O 10. d5 Nb4 11. Nc3 Nxc2 12. Qxc2 Rb8 13. a4 a6 14. a5 b5 15.
axb6 Rxb6 16. Ra3 Re8 17. Nd2 a5 18. Nc4 Ba6 19. Nxb6 Bxf1 20. Kxf1 Qxb6 21.
Qa4 Kf8 22. Bf4 Nh5 23. Qxa5 Qxb2 24. Bxd6+ Kg8 25. Qa4 Rd8 26. Nd1 Qd2 27.
Bxc5 Nf4 28. Ra2 Qd3+ 29. Kg1 Be5 30. Qc2 Nxh3+ 31. gxh3 Qxh3 32. f3 Rc8 33.
Qf2 h5 34. Be3 h4 35. Qg2 Qd7 36. Rc2 Ra8 37. f4 Bc7 38. e5 Ra1 39. Rd2 Qa4 1-0

[Event "Manhem IM Swiss"]
[Site "Goteborg"]
[Date "1998.08.15"]
[Round "8"]
[White "Pribyl, Josef"]
[Black "Bekker-Jensen, Simon"]
[Result "1/2-1/2"]
[WhiteElo "2430"]
[BlackElo "2260"]
[PlyCount "42"]
[EventDate "1998.08.10"]
[EventType "swiss"]

1. c4 Nf6 2. Nf3 g6 3. b3 Bg7 4. Bb2 O-O 5. g3 d6 6. d4 e5 7. dxe5 Nfd7 8. Bg2
dxe5 9. Nc3 e4 10. Nd4 Nc5 11. Nc2 a5 12. O-O Nba6 13. Qc1 f5 14. Rd1 Bd7 15.
Nd5 Bxb2 16. Qxb2 c6 17. Nc3 Qf6 18. a3 Rfd8 19. b4 axb4 20. axb4 Ne6 21. Qb3
Be8 1/2-1/2

[Event "Manhem IM Swiss"]
[Site "Goteborg"]
[Date "1998.08.15"]
[Round "8"]
[White "Hutters, Thomas"]
[Black "Olausson, Claes-Goran"]
[Result "1/2-1/2"]
[WhiteElo "2410"]
[BlackElo "2255"]
[PlyCount "81"]
[EventDate "1998.08.10"]
[EventType "swiss"]

1. c4 c6 2. e4 d5 3. exd5 cxd5 4. d4 Nf6 5. Nc3 e6 6. Nf3 Be7 7. cxd5 Nxd5 8.
Bd3 O-O 9. O-O Nc6 10. Re1 Nf6 11. a3 b6 12. Bg5 Bb7 13. Bc2 Rc8 14. Qd3 g6 15.
Rad1 Nd5 16. Nxd5 Bxg5 17. Nc3 Bf6 18. d5 exd5 19. Nxd5 Na5 20. Bb3 Nxb3 21.
Qxb3 Bxd5 22. Rxd5 Qc7 23. Rd2 Rfd8 24. Rxd8+ Rxd8 25. h3 Kg7 26. Qb5 Qc2 27.
b4 Qd3 28. Qa4 a6 29. Qc6 Qd6 30. Qb7 b5 31. Rc1 Rd7 32. Qc8 Rd8 33. Qb7 Qf4
34. Re1 Bc3 35. g3 Qb8 36. Qxb8 Rxb8 37. Re3 Rc8 38. Ng5 Bb2 39. Ne4 Rc2 40.
Rb3 Bd4 41. Rd3 1/2-1/2

[Event "Manhem IM Swiss"]
[Site "Goteborg"]
[Date "1998.08.15"]
[Round "8"]
[White "Berg, Emanuel"]
[Black "Welin, Mats"]
[Result "1-0"]
[WhiteElo "2380"]
[BlackElo "2235"]
[PlyCount "67"]
[EventDate "1998.08.10"]
[EventType "swiss"]

1. e4 e5 2. Nf3 Nc6 3. Nc3 Nf6 4. g3 d5 5. exd5 Nxd5 6. Bg2 Nxc3 7. bxc3 Be7 8.
O-O O-O 9. Re1 Bf6 10. Rb1 Rb8 11. d3 Bf5 12. Ba3 Re8 13. Nd2 Na5 14. Bb4 Nc6
15. Ba3 Na5 16. c4 Qd7 17. Rb5 b6 18. Ne4 Be7 19. Bxe7 Rxe7 20. Nc3 Bg4 21. Qb1
Rbe8 22. Nd5 Re6 23. Ne3 Rd6 24. Nxg4 Qxg4 25. Rbxe5 Rxe5 26. Rxe5 g6 27. Re4
Qg5 28. Qa1 f6 29. Qe1 Nc6 30. Re8+ Kg7 31. h4 Qg4 32. Bxc6 Rxc6 33. Qe7+ Kh6
34. Rh8 1-0

[Event "Manhem IM Swiss"]
[Site "Goteborg"]
[Date "1998.08.15"]
[Round "8"]
[White "Polej, Vladimir"]
[Black "Hausner, Ivan"]
[Result "1-0"]
[WhiteElo "2370"]
[BlackElo "2405"]
[PlyCount "75"]
[EventDate "1998.08.10"]
[EventType "swiss"]

1. Nf3 Nf6 2. g3 g6 3. b4 Bg7 4. Bb2 d6 5. d3 O-O 6. Bg2 e5 7. Nbd2 Nbd7 8. O-O
Re8 9. c4 a5 10. a3 c6 11. Qc2 Qe7 12. e4 Nf8 13. h3 h5 14. c5 dxc5 15. Nc4
axb4 16. Bxe5 Be6 17. Bd6 b3 18. Qb2 Nxe4 19. Bxe7 Bxb2 20. Nxb2 Rxe7 21. dxe4
b5 22. Ne5 Rea7 23. Nxc6 Rxa3 24. Rab1 Nd7 25. f4 Nb6 26. f5 Bd7 27. e5 Re8 28.
e6 fxe6 29. f6 Rf8 30. Ne7+ Kh7 31. Nd3 c4 32. Ne5 Be8 33. f7 Bxf7 34. Nxf7 Kg7
35. Ng5 Rxf1+ 36. Rxf1 b2 37. Rf7+ Kh6 38. h4 1-0

[Event "Manhem IM Swiss"]
[Site "Goteborg"]
[Date "1998.08.15"]
[Round "8"]
[White "Jepson, Christian"]
[Black "Hultin, Johan"]
[Result "1-0"]
[WhiteElo "2365"]
[BlackElo "2300"]
[PlyCount "75"]
[EventDate "1998.08.10"]
[EventType "swiss"]

1. d4 d5 2. Nf3 c6 3. c4 Nf6 4. cxd5 cxd5 5. Nc3 Nc6 6. Bf4 a6 7. Ne5 e6 8. e3
Qb6 9. Rb1 Nxe5 10. Bxe5 Be7 11. Bd3 Bd7 12. O-O O-O 13. g4 Bb5 14. Bxf6 Bxf6
15. Qb3 Bh4 16. a4 e5 17. axb5 exd4 18. Nxd5 Qd6 19. e4 Rae8 20. f4 axb5 21.
Qd1 b4 22. Rc1 Bd8 23. Rc4 g6 24. g5 h6 25. h4 hxg5 26. hxg5 Bxg5 27. Qf3 Bd8
28. Kg2 b3 29. e5 Qe6 30. Rxd4 Kg7 31. Bc4 Qf5 32. Ne3 Qc8 33. Bb5 Bb6 34. Rc4
Qe6 35. Bxe8 Rxe8 36. Nd5 Rd8 37. Nxb6 Qxb6 38. Re4 1-0

[Event "Manhem IM Swiss"]
[Site "Goteborg"]
[Date "1998.08.15"]
[Round "8"]
[White "Hedman, Erik"]
[Black "Moberg, Karl Johan"]
[Result "0-1"]
[WhiteElo "2315"]
[BlackElo "2320"]
[PlyCount "126"]
[EventDate "1998.08.10"]
[EventType "swiss"]

1. e4 e5 2. Nf3 Nc6 3. Nc3 Nf6 4. g3 Bc5 5. Bg2 d6 6. d3 a6 7. h3 Be6 8. O-O h6
9. Be3 Bxe3 10. fxe3 Qd7 11. Kh2 d5 12. exd5 Nxd5 13. Nxd5 Bxd5 14. e4 Be6 15.
Qd2 O-O 16. Rf2 Rad8 17. Qe3 f6 18. Rd1 Nd4 19. Nxd4 Qxd4 20. Qxd4 Rxd4 21. h4
Rfd8 22. Ra1 c5 23. b3 b5 24. Bf1 c4 25. Kg2 cxd3 26. Bxd3 Rc8 27. Kh2 Rc3 28.
Rg1 Bg4 29. Re1 Kf7 30. Re3 Ke7 31. Kg2 Bd1 32. Re1 Bg4 33. Re3 Kd6 34. Kf1 Kc5
35. Ke1 Kb4 36. Kd2 Rc7 37. a4 bxa4 38. bxa4 Bd7 39. Re1 Bxa4 40. Rb1+ Kc5 41.
Rb8 Bb5 42. Ke3 Rcd7 43. Rc8+ Kb6 44. Rc3 Rb4 45. g4 Bxd3 46. cxd3 Rb1 47. g5
hxg5 48. hxg5 Re1+ 49. Kd2 Rxe4 50. gxf6 Rf4 51. Rxf4 exf4 52. fxg7 Rxg7 53. d4
Rg2+ 54. Ke1 Rg3 55. Rc8 Rd3 56. Rd8 Kc7 57. Ra8 Kb7 58. Rd8 f3 59. Kf2 a5 60.
Rd5 Kb6 61. Rd8 a4 62. d5 Kc5 63. d6 Rxd6 0-1

[Event "Manhem IM Swiss"]
[Site "Goteborg"]
[Date "1998.08.15"]
[Round "8"]
[White "Akesson, Joel"]
[Black "Livner, Anders"]
[Result "0-1"]
[WhiteElo "2275"]
[BlackElo "2230"]
[PlyCount "104"]
[EventDate "1998.08.10"]
[EventType "swiss"]

1. d4 d5 2. c4 e6 3. Nc3 Be7 4. cxd5 exd5 5. Bf4 c6 6. e3 Bf5 7. g4 Be6 8. h3
Nf6 9. Bg2 Nbd7 10. Nge2 h5 11. g5 Nh7 12. h4 Nhf8 13. Bg3 Bf5 14. Nf4 g6 15.
Qd2 Ne6 16. Nxe6 Bxe6 17. O-O-O Nb6 18. Bf1 Qd7 19. Be5 Rf8 20. Bd3 O-O-O 21.
Qc2 Bd6 22. f4 Kb8 23. Kb1 Nc8 24. Na4 b6 25. Rc1 Ne7 26. Ka1 Bf5 27. Bxf5 Nxf5
28. Qb3 Ka8 29. Rc3 Rc8 30. Nxb6+ axb6 31. Qxb6 Qb7 32. Qa5+ Qa7 33. Qxa7+ Kxa7
34. Rhc1 Kb7 35. Rb3+ Kc7 36. Ra3 Kd7 37. Ra6 Nxe3 38. Bxd6 Kxd6 39. b4 Nc4 40.
b5 Kd7 41. Rb1 Nd6 42. bxc6+ Rxc6 43. Ra5 Ke6 44. Re1+ Ne4 45. a4 Kd6 46. Rb1
Re8 47. Rb7 Nd2 48. Raa7 Re1+ 49. Ka2 Rc2+ 50. Ka3 Ra1+ 51. Kb4 Rc4+ 52. Kb5
Rb1+ 0-1

[Event "Manhem IM Swiss"]
[Site "Goteborg"]
[Date "1998.08.15"]
[Round "8"]
[White "Bekker-Jensen, David"]
[Black "Hjelm, Niclas"]
[Result "0-1"]
[WhiteElo "2255"]
[BlackElo "2315"]
[PlyCount "112"]
[EventDate "1998.08.10"]
[EventType "swiss"]

1. d4 d5 2. c4 dxc4 3. Nf3 Nf6 4. e3 e6 5. Bxc4 c5 6. O-O a6 7. Nc3 b5 8. Bb3
Bb7 9. Qe2 Nbd7 10. Rd1 Qc7 11. e4 cxd4 12. Nxd4 Bc5 13. Bxe6 fxe6 14. Nxe6 Qe5
15. Nxg7+ Kf7 16. Nf5 Rag8 17. Nh6+ Ke8 18. Nxg8 Rxg8 19. Qd3 b4 20. Nd5 Bxd5
21. exd5 Ng4 22. Qxh7 Ndf6 23. Qh3 Bxf2+ 24. Kf1 Qf5 25. Rd3 Be3+ 26. Ke2 Qf2+
27. Kd1 Qf1+ 28. Kc2 Qe2+ 29. Bd2 Kf7 30. Rxe3 Rc8+ 31. Rc3 bxc3 32. bxc3 Qe4+
33. Qd3 Qa4+ 34. Kc1 Nf2 35. Qf3 Qa3+ 36. Kc2 Qa4+ 37. Kc1 N2e4 38. Rb1 Qa3+
39. Kc2 Qxa2+ 40. Rb2 Qxd5 41. Qd3 Qa5 42. Rb7+ Kg8 43. Qh3 Qa4+ 44. Kc1 Qa1+
45. Kc2 Qa2+ 46. Rb2 Qa4+ 47. Kc1 Qa1+ 48. Kc2 Rd8 49. Qe6+ Kh8 50. Qh3+ Nh7
51. Bc1 Qa4+ 52. Kb1 Qc4 53. Kc2 Rc8 54. Rb3 Rf8 55. Bb2 Rf2+ 56. Kb1 Nd2+ 0-1

[Event "Manhem IM Swiss"]
[Site "Goteborg"]
[Date "1998.08.15"]
[Round "8"]
[White "Rundqvist, Patrick"]
[Black "Mossakowski, Florian"]
[Result "0-1"]
[WhiteElo "2175"]
[BlackElo "2215"]
[PlyCount "116"]
[EventDate "1998.08.10"]
[EventType "swiss"]

1. e4 c5 2. Nc3 Nc6 3. g3 g6 4. Bg2 Bg7 5. d3 e5 6. Be3 d6 7. Qd2 Nge7 8. Nge2
Nd4 9. O-O O-O 10. f4 Be6 11. Nd1 Qd7 12. c3 Nxe2+ 13. Qxe2 Rac8 14. c4 b5 15.
Rc1 exf4 16. Bxf4 bxc4 17. dxc4 Nc6 18. Nc3 Rce8 19. Nb5 Ne5 20. b3 a6 21. Nc3
h6 22. h4 Ng4 23. Qd2 Bd4+ 24. Kh1 g5 25. hxg5 hxg5 26. Bxg5 f6 27. Bh4 Be3 28.
Qe2 Bxc1 29. Rxc1 Qg7 30. Qd2 Qh6 31. Qxh6 Nxh6 32. Rd1 Rd8 33. Nd5 Ng4 34. Kg1
Kg7 35. Nf4 Bc8 36. Bf3 Ne5 37. Nh5+ Kg6 38. Nf4+ Kg7 39. Nh5+ Kh6 40. Be2 Bg4
41. Bxg4 Nxg4 42. Nf4 Rfe8 43. Nd5 Rxe4 44. Nxf6 Nxf6 45. Bxf6 Rg8 46. Kg2 Re2+
47. Kf3 Re6 48. Bc3 Rf8+ 49. Kg4 Rf2 50. Bd2+ Kg6 51. a4 Kf7 52. Bf4 Rg6+ 53.
Kh3 Rf3 54. Bxd6 Rxb3 55. Bxc5 Rbxg3+ 56. Kh4 R3g4+ 57. Kh3 Rxc4 58. Rf1+ Ke6
0-1

[Event "Manhem IM Swiss"]
[Site "Goteborg"]
[Date "1998.08.16"]
[Round "9"]
[White "Westerinen, Heikki"]
[Black "Pribyl, Josef"]
[Result "1/2-1/2"]
[WhiteElo "2435"]
[BlackElo "2430"]
[PlyCount "22"]
[EventDate "1998.08.10"]
[EventType "swiss"]

1. e4 c5 2. c3 Nf6 3. e5 Nd5 4. d4 cxd4 5. Nf3 d6 6. Qxd4 e6 7. Nbd2 Nc6 8. Bb5
dxe5 9. Nxe5 Bd7 10. Bxc6 Bxc6 11. Nxc6 bxc6 1/2-1/2

[Event "Manhem IM Swiss"]
[Site "Goteborg"]
[Date "1998.08.16"]
[Round "9"]
[White "Hausner, Ivan"]
[Black "Jepson, Christian"]
[Result "1/2-1/2"]
[WhiteElo "2405"]
[BlackElo "2365"]
[PlyCount "118"]
[EventDate "1998.08.10"]
[EventType "swiss"]

1. d4 f5 2. g3 Nf6 3. Bg2 g6 4. c4 Bg7 5. Nc3 O-O 6. Nf3 d6 7. d5 Qe8 8. O-O
Na6 9. Nd4 Bd7 10. Rb1 c6 11. b3 Nc7 12. b4 Rc8 13. Bb2 cxd5 14. cxd5 Qf7 15.
Qb3 Ng4 16. Nf3 h6 17. h3 Ne5 18. Nxe5 dxe5 19. f4 e4 20. e3 Nb5 21. Nxb5 Bxb5
22. Bxg7 Kxg7 23. Rfc1 Bd3 24. Ra1 Rfd8 25. a4 Qf6 26. Bf1 Bxf1 27. Kxf1 g5 28.
Kg2 gxf4 29. gxf4 Kh7 30. Kh2 Rg8 31. Rxc8 Rxc8 32. Rd1 Qc3 33. Qxc3 Rxc3 34.
d6 exd6 35. Rxd6 Rd3 36. Rf6 Kg7 37. Rxf5 Rxe3 38. Re5 Kf6 39. a5 Re2+ 40. Kg3
Re3+ 41. Kg2 Re2+ 42. Kg3 Re1 43. Kf2 Rb1 44. Rxe4 Rb3 45. Rc4 a6 46. Ke2 Ke6
47. f5+ Kxf5 48. Kd2 h5 49. h4 Ke5 50. Kc2 Rh3 51. Rc7 Kd4 52. Kb2 Rxh4 53.
Rxb7 Rh3 54. b5 axb5 55. a6 Kc4 56. a7 Rh2+ 57. Kb1 Rh1+ 58. Kb2 Rh2+ 59. Kb1
Rh1+ 1/2-1/2

[Event "Manhem IM Swiss"]
[Site "Goteborg"]
[Date "1998.08.16"]
[Round "9"]
[White "Moberg, Karl Johan"]
[Black "Berg, Emanuel"]
[Result "1-0"]
[WhiteElo "2320"]
[BlackElo "2380"]
[PlyCount "119"]
[EventDate "1998.08.10"]
[EventType "swiss"]

1. e4 e6 2. d4 d5 3. Nd2 Nf6 4. e5 Nfd7 5. c3 c5 6. Bd3 Nc6 7. Ne2 cxd4 8. cxd4
f6 9. exf6 Nxf6 10. O-O Bd6 11. Nf3 O-O 12. Bf4 Bxf4 13. Nxf4 Ne4 14. Nh5 Ng5
15. Ne5 g6 16. Nxc6 bxc6 17. Ng3 Qf6 18. Qa4 Qf4 19. Ne2 Qg4 20. f4 Ne4 21. h3
Qh5 22. Rae1 c5 23. Bxe4 dxe4 24. Qc6 Rb8 25. b3 cxd4 26. Nxd4 Qd5 27. Qxd5
exd5 28. Rc1 Ba6 29. Rfd1 Rxf4 30. Nc6 Re8 31. Nb4 Be2 32. Nxd5 Rf5 33. Rd2 e3
34. Nxe3 Rxe3 35. Re1 Kg7 36. Rdxe2 Rxe2 37. Rxe2 a5 38. Re7+ Kh6 39. Ra7 Rc5
40. Kh2 Kg5 41. Rxh7 a4 42. Rb7 Rc2 43. Rb5+ Kh6 44. Ra5 axb3 45. axb3 Rc3 46.
Rb5 Kg7 47. h4 Kh6 48. g3 Rd3 49. Kh3 Rd4 50. Rc5 Rd3 51. b4 Rb3 52. b5 Rb4 53.
Kg2 Rb3 54. Rg5 Ra3 55. Kf2 Rb3 56. Ke2 Kg7 57. Kd2 Kf6 58. Kc2 Rb4 59. Kc3 Rb1
60. Kc4 1-0

[Event "Manhem IM Swiss"]
[Site "Goteborg"]
[Date "1998.08.16"]
[Round "9"]
[White "Hjelm, Niclas"]
[Black "Livner, Anders"]
[Result "1-0"]
[WhiteElo "2315"]
[BlackElo "2230"]
[PlyCount "51"]
[EventDate "1998.08.10"]
[EventType "swiss"]

1. e4 c5 2. Nf3 d6 3. Bb5+ Nc6 4. Bxc6+ bxc6 5. O-O Bg4 6. h3 Bxf3 7. Qxf3 e5
8. a3 g6 9. b4 cxb4 10. axb4 Bg7 11. Qc3 Ne7 12. d3 O-O 13. Bg5 f6 14. Be3 Qd7
15. Nd2 f5 16. Bg5 Nc8 17. f3 h6 18. Be3 Ne7 19. Ra6 Kh8 20. Rfa1 Qe6 21. Rxa7
Rae8 22. Qb3 Qf6 23. b5 cxb5 24. Qxb5 g5 25. Qd7 g4 26. fxg4 1-0

[Event "Manhem IM Swiss"]
[Site "Goteborg"]
[Date "1998.08.16"]
[Round "9"]
[White "Hultin, Johan"]
[Black "Hedman, Erik"]
[Result "1-0"]
[WhiteElo "2300"]
[BlackElo "2315"]
[PlyCount "57"]
[EventDate "1998.08.10"]
[EventType "swiss"]

1. d4 f5 2. g3 Nf6 3. Bg2 e6 4. Nf3 d5 5. O-O Bd6 6. c4 c6 7. Bf4 Bxf4 8. gxf4
O-O 9. e3 Bd7 10. Qb3 Qb6 11. Qc2 Ne4 12. Nbd2 Be8 13. Nxe4 fxe4 14. Ne5 Nd7
15. Nxd7 Bxd7 16. c5 Qd8 17. Qb3 b6 18. cxb6 axb6 19. Qb4 Be8 20. f3 exf3 21.
Bxf3 Ra5 22. Rfc1 g5 23. Kh1 gxf4 24. Rg1+ Bg6 25. Bh5 f3 26. Bxg6 f2 27. Be8+
fxg1=Q+ 28. Rxg1+ Kh8 29. Qxf8# 1-0

[Event "Manhem IM Swiss"]
[Site "Goteborg"]
[Date "1998.08.16"]
[Round "9"]
[White "Welin, Mats"]
[Black "Hutters, Thomas"]
[Result "1/2-1/2"]
[WhiteElo "2235"]
[BlackElo "2410"]
[PlyCount "37"]
[EventDate "1998.08.10"]
[EventType "swiss"]

1. e4 g6 2. d4 Bg7 3. Nc3 d6 4. Nf3 Nf6 5. h3 O-O 6. Be2 c5 7. dxc5 Qa5 8. O-O
Qxc5 9. Be3 Qc7 10. Qd2 Bd7 11. Nd4 Nc6 12. Rac1 Rac8 13. f4 Nxd4 14. Bxd4 Bc6
15. e5 dxe5 16. fxe5 Ne4 17. Qe3 Nxc3 18. Bxc3 Bd5 19. Bf3 1/2-1/2

[Event "Manhem IM Swiss"]
[Site "Goteborg"]
[Date "1998.08.16"]
[Round "9"]
[White "Mossakowski, Florian"]
[Black "Elsness, Frode"]
[Result "1/2-1/2"]
[WhiteElo "2215"]
[BlackElo "2350"]
[PlyCount "61"]
[EventDate "1998.08.10"]
[EventType "swiss"]

1. e4 c5 2. Nf3 d6 3. d4 cxd4 4. Nxd4 Nf6 5. Nc3 a6 6. f4 Qc7 7. Nf3 Nbd7 8. a4
g6 9. Bd3 Bg7 10. O-O b6 11. Qe1 Bb7 12. e5 dxe5 13. fxe5 Ng4 14. e6 fxe6 15.
Qh4 Ndf6 16. Ng5 Qc6 17. Nce4 O-O-O 18. Ra3 Nxe4 19. Nxe4 Bd4+ 20. Kh1 Nf6 21.
Re1 Rhf8 22. h3 Nh5 23. Be3 Be5 24. Rg1 Qc7 25. Rb1 Qc6 26. Rg1 Qc7 27. Rb1
Bxe4 28. Bxe4 Ng3+ 29. Kg1 Ne2+ 30. Kh1 Ng3+ 31. Kg1 1/2-1/2

[Event "Manhem IM Swiss"]
[Site "Goteborg"]
[Date "1998.08.16"]
[Round "9"]
[White "Patsuk, Leonid"]
[Black "Bekker-Jensen, David"]
[Result "0-1"]
[WhiteElo "2190"]
[BlackElo "2255"]
[PlyCount "70"]
[EventDate "1998.08.10"]
[EventType "swiss"]

1. e4 c5 2. Nf3 d6 3. d4 Nf6 4. Nc3 cxd4 5. Nxd4 a6 6. Bc4 e6 7. Be3 b5 8. Bd3
Bb7 9. a3 Be7 10. O-O Nbd7 11. f4 Rc8 12. Qe2 O-O 13. Nb3 e5 14. Rad1 Re8 15.
Nd5 Bxd5 16. fxe5 dxe5 17. exd5 e4 18. Bxb5 axb5 19. d6 Bf8 20. Nd4 Bxd6 21.
Nxb5 Bb8 22. b4 Qe7 23. c4 Qe6 24. c5 Nd5 25. g3 Ne5 26. Nd4 Qg6 27. Rc1 Ng4
28. Nf5 Ne5 29. Bd4 Nf3+ 30. Rxf3 exf3 31. Qxf3 Nf4 32. Ne3 Ne6 33. Bb2 Ng5 34.
Qe2 Qe4 35. Rc3 Nh3+ 0-1